000 00456nam a2200157 i 4500
001 45834
003 ES-MaACL
005 20230906161302.0
007 t|
008 030327s1906 gw ||||1| ger d
100 1 _aCollins, Edward.
_939731
245 1 0 _aEnglische handelsfprachlehre /
_cvon Edward Collins.
260 _aStuttgart :
_bAdolf Bonz & Com.,
_c1906 (
_fU. Bonz'Erben)
300 _aXII, 234 p. ;
_c20 cm.
852 _aES-MaACL
_jC-5645
_bR.26223
999 _c45834
_d45834